| 000 | 00615nam a2200121Ia 4500 | ||
|---|---|---|---|
| 008 | 220620s9999||||xx |||||||||||||| ||und|| | ||
| 100 | _aTapp, Nicholas||Yia Lee, Gary | ||
| 245 | 4 |
_aThe Hmong of Australia _bCulture and Diaspora |
|
| 546 | _aEnglish[eng] | ||
| 650 | _aaustralia||culture||hmong australians||customs||social life||Laos||Lusheng||Menstruation||Thailand||United States | ||
| 856 | _uhttps://library.oapen.org/bitstream/20.500.12657/33732/1/459269.pdf||https://library.oapen.org/bitstream/20.500.12657/33732/1/459269.pdf||https://library.oapen.org/bitstream/20.500.12657/33732/1/459269.pdf | ||
| 942 | _cEB | ||
| 999 |
_c34067 _d34067 |
||